| 000 | 00589 a2200205 4500 | ||
|---|---|---|---|
| 005 | 20260116153802.0 | ||
| 008 | 260114b |||||||| |||| 00| 0 eng d | ||
| 020 |
_a9789359787886 _cRs. 1995.00 |
||
| 040 | _aMAIN | ||
| 082 |
_a796.01 _bP884S |
||
| 100 | _aPrajapati, Sanjay Kumar | ||
| 245 | _aSports kinanthropometry: An approach to enhancing sports performance | ||
| 260 |
_bFriends Publications (India) _c2025 _aNew Delhi |
||
| 300 | _a215 | ||
| 650 | _aPhysical Education | ||
| 650 | _aSports | ||
| 650 | _aKinanthropometry | ||
| 700 | _aPatil, Sanjeev S | ||
| 942 | _cBK | ||
| 999 |
_c394078 _d394078 |
||